00497nam a2200157 a 450000100100000000500170001000800410002702000150006804000250008324501170010826000400022530000210026549000130028670000270029983000130032600004068320201002034312.0130905s2007 sp 000 0 spa d a8478842993 aDO-SdBNPbspacBNPHU00aGlobalización y Educación :bManual Crítico /ccoordinado por Nicholas C. Burbules, Carlos Alberto Torres. aMadrid :bEditorial popular,c2007. a263 p. ;c24 cm.1 aManuales1 aTorres, Carlos Alberto 0aManuales